00203nam a2200073Ia 4500008004100000082000800041100001500049245006500064240331s9999 xx 000 0 und d bAGA aAgrawal, B 2aA field of one's own :bgender and land rights in South Asia